Patterns for college writing (Record no. 33391)

MARC details
000 -LEADER
fixed length control field 00462nam a2200193Ia 4500
020 ## - INTERNATIONAL STANDARD BOOK NUMBER
ISBN 0-312-40431-X
050 ## - CALL MARK
Classification number PE 1417 .P36/
100 ## - STATEMENT OF RESPONSIBILITY--MAIN AUTHOR NAME
Personal name Laurie G. Kirszner
245 #0 - TITLE STATEMENT
Title Patterns for college writing
250 ## - EDITION / VOLUME STATEMENT
Edition / Volume statement Ninth Edition
260 ## - PUBLICATION, DISTRIBUTION, ETC. (IMPRINT)
Place of publication Boston
260 ## - PUBLICATION, DISTRIBUTION, ETC. (IMPRINT)
Name of publisher Bedford/St. Martin's
260 ## - PUBLICATION, DISTRIBUTION, ETC. (IMPRINT)
Year of publication 2004
300 ## - PHYSICAL DESCRIPTION
Number of Pages 763 p
650 ## - SUBJECT ADDED ENTRY--TOPICAL TERM
Topical Term English Language
942 ## - ADDED ENTRY ELEMENTS (KOHA)
Koha item type Books
Holdings
Withdrawn status Lost status Source of classification or shelving scheme Damaged status Not for loan Permanent Location Current Location Date acquired Accession Number Price effective from Koha item type
    Library of Congress Classification     NILE UNIVERSITY OF NIGERIA - MAIN LIBRARY NILE UNIVERSITY OF NIGERIA - MAIN LIBRARY 04/23/2025 0005524 04/23/2025 Books